[Event "P-3453"]
[Site "IECC email"]
[Date "2003.08.27"]
[Round "?"]
[White "Fielding, Gerald"]
[Black "Arnold, Lee"]
[Result "1-0"]
[WhiteElo "2071"]
[BlackElo "1905"]
[PlyCount "87"]
[EventDate "2003.??.??"]
[EventType "tourn (corr)"]
[SourceTitle "Corr 2020"]
[Source "ChessBase"]
[SourceDate "2019.09.30"]
[SourceVersion "1"]
[SourceVersionDate "2019.09.30"]
[SourceQuality "1"]
[WhiteTeam "Canada"]
[BlackTeam "England"]
[WhiteTeamCountry "CAN"]
[BlackTeamCountry "ENG"]

1. d4 d5 2. c4 e6 3. Nc3 c5 4. cxd5 exd5 5. e4 dxe4 6. Bc4 Nc6 7. d5 Ne5 8. Nxe4 Nxc4 9. Qa4+ Bd7 10. Qxc4 Qe7 11. Bg5 f6 12. Be3 b5 13. Qd3 c4 14. Qd4 Qe5 15. Nf3 Qxd4 16. Nxd4 f5 17. Nc3 Bb4 18. 0-0-0 Bxc3 19. bxc3 Nf6 20. Nf3 0-0 21. Bd4 a5 22. Rhe1 b4 23. Re7 Ba4 24. Bxf6 Rxf6 25. Rd4 Bb5 26. Ne5 bxc3 27. Nxc4 Rc8 28. Ne5 Rd6 29. Ra7 a4 30. Ra5 Bf1 31. g3 Bg2 32. Nc4 Rh6 33. Kc2 Rxh2 34. Kxc3 Be4 35. Rd2 Rh1 36. Kd4 Rd8 37. d6 Bc6 38. Ra7 Rc1 39. Kc5 Bd7 40. Kd5 Rb1 41. Rxd7 Rxd7 42. Kc6 Rd8 43. Kc7 Rc1 44. Kxd8 1-0

[Event "IECC KO email"]
[Site "IECC email"]
[Date "2001.11.30"]
[Round "?"]
[White "Wakeham, Marc R"]
[Black "Arnold, Lee"]
[Result "0-1"]
[WhiteElo "1481"]
[BlackElo "1883"]
[PlyCount "82"]
[EventDate "2001.??.??"]
[EventType "tourn (corr)"]
[EventRounds "6"]
[SourceTitle "Corr 2008"]
[Source "ChessBase"]
[SourceDate "2008.06.24"]
[SourceVersion "1"]
[SourceVersionDate "2008.06.24"]
[SourceQuality "1"]

1. e4 c6 2. d3 d5 3. Nd2 g6 4. Ngf3 Bg7 5. g3 Nf6 6. Bg2 0-0 7. 0-0 Bg4 8. e5 Nfd7 9. d4 c5 10. h3 Bxf3 11. Nxf3 cxd4 12. Qxd4 e6 13. Qc3 Nc6 14. Bf4 Qb6 15. Rae1 Rfc8 16. Qb3 Qxb3 17. axb3 Nb4 18. c3 Nd3 19. Re3 Nxf4 20. gxf4 Nc5 21. Nd4 Bh6 22. Rf3 a6 23. Rd1 Rc7 24. c4 dxc4 25. bxc4 Rd8 26. b4 Na4 27. c5 Rcd7 28. Ra1 Nxc5 29. bxc5 Rxd4 30. Rb3 Rd1+ 31. Rxd1 Rxd1+ 32. Bf1 Bxf4 33. Rxb7 Rc1 34. Ra7 Bxe5 35. Rxa6 Rxc5 36. Ra4 Kg7 37. Kg2 g5 38. Be2 Rc2 39. Kf3 h5 40. Bd3 Rd2 41. Ra3 Bd4 0-1

[Event "IECC Swiss email"]
[Site "IECC email"]
[Date "2000.09.30"]
[Round "?"]
[White "Duben, Igor"]
[Black "Arnold, Lee"]
[Result "1/2-1/2"]
[WhiteElo "1777"]
[BlackElo "1870"]
[PlyCount "37"]
[EventDate "2000.??.??"]
[EventType "tourn (corr)"]
[EventRounds "6"]
[SourceTitle "Corr 2008"]
[Source "ChessBase"]
[SourceDate "2008.06.24"]
[SourceVersion "1"]
[SourceVersionDate "2008.06.24"]
[SourceQuality "1"]

1. e4 e5 2. Nf3 Nc6 3. Bb5 a6 4. Ba4 d6 5. 0-0 Nge7 6. c3 Bd7 7. d4 Ng6 8. Be3 Be7 9. Nbd2 exd4 10. cxd4 0-0 11. Re1 Bf6 12. Rc1 b5 13. Bc2 Re8 14. a3 Na5 15. b4 Nb7 16. d5 a5 17. Nd4 Qc8 18. Bd3 Bxd4 19. Bxd4 1/2-1/2

[Event "IECC P email"]
[Site "IECC email"]
[Date "2000.08.23"]
[Round "?"]
[White "Arnold, Lee"]
[Black "Kish, Jeff J"]
[Result "1-0"]
[WhiteElo "1858"]
[BlackElo "1824"]
[PlyCount "51"]
[EventDate "2000.??.??"]
[EventType "tourn (corr)"]
[EventRounds "6"]
[SourceTitle "Corr 2008"]
[Source "ChessBase"]
[SourceDate "2008.06.24"]
[SourceVersion "1"]
[SourceVersionDate "2008.06.24"]
[SourceQuality "1"]

1. e4 e5 2. Nf3 Nc6 3. Bc4 Bc5 4. d3 Nf6 5. Nc3 0-0 6. 0-0 d6 7. Bg5 h6 8. Bxf6 Qxf6 9. Nd5 Qd8 10. c3 Na5 11. b4 Nxc4 12. dxc4 Bb6 13. a4 c5 14. a5 Bc7 15. Qe2 f5 16. bxc5 fxe4 17. Qxe4 Bf5 18. Qe3 dxc5 19. Nxe5 Bxa5 20. Qxc5 b6 21. Qd4 Rc8 22. Rfe1 Re8 23. Nc6 Rxc6 24. Ne7+ Qxe7 25. Rxe7 Rxe7 26. Qd8+ 1-0

[Event "IECC KO email"]
[Site "IECC email"]
[Date "2000.07.15"]
[Round "?"]
[White "Arnold, Lee"]
[Black "Reuter, Alfred J"]
[Result "1-0"]
[WhiteElo "1822"]
[BlackElo "1780"]
[PlyCount "61"]
[EventDate "2000.??.??"]
[EventType "tourn (corr)"]
[EventRounds "6"]
[SourceTitle "Corr 2008"]
[Source "ChessBase"]
[SourceDate "2008.06.24"]
[SourceVersion "1"]
[SourceVersionDate "2008.06.24"]
[SourceQuality "1"]

1. e4 e5 2. Nf3 Nc6 3. Bc4 Nf6 4. Nc3 Bb4 5. Nd5 Bc5 6. 0-0 d6 7. c3 Nxd5 8. Bxd5 Ne7 9. Bb3 0-0 10. d4 exd4 11. cxd4 Bb6 12. h3 c6 13. Re1 h6 14. Bd2 Re8 15. Qc1 d5 16. Bxh6 gxh6 17. Qxh6 Be6 18. Ng5 Bxd4 19. Rad1 Bg7 20. Qh7+ Kf8 21. Nxe6+ fxe6 22. Re3 Ng8 23. Rf3+ Qf6 24. Qh5 Re7 25. e5 Qxf3 26. Qxf3+ Rf7 27. Qg3 Ne7 28. f4 Nf5 29. Qg5 Re8 30. Rf1 Ree7 31. Bc2 1-0

[Event "IECC KO email"]
[Site "IECC email"]
[Date "2000.07.15"]
[Round "?"]
[White "Reuter, Alfred J"]
[Black "Arnold, Lee"]
[Result "1-0"]
[WhiteElo "1741"]
[BlackElo "1852"]
[PlyCount "161"]
[EventDate "2000.??.??"]
[EventType "tourn (corr)"]
[EventRounds "6"]
[SourceTitle "Corr 2008"]
[Source "ChessBase"]
[SourceDate "2008.06.24"]
[SourceVersion "1"]
[SourceVersionDate "2008.06.24"]
[SourceQuality "1"]

1. e4 e6 2. d4 d5 3. e5 c5 4. c3 Nc6 5. Nf3 Bd7 6. Bd3 cxd4 7. cxd4 Qb6 8. 0-0 Nb4 9. Be2 Ne7 10. Qb3 Nc8 11. Be3 Nc6 12. Nbd2 Be7 13. Rac1 0-0 14. Rfe1 Bd8 15. Rc3 N8e7 16. Bd3 Nb4 17. Bb1 Nec6 18. a3 h6 19. axb4 Nxb4 20. Rec1 Be7 21. Qd1 Rfc8 22. Ne1 Qd8 23. Qh5 Qf8 24. Nef3 Rxc3 25. Rxc3 Nc6 26. Qg4 Kh8 27. Nh4 Bb4 28. Rc1 Rc8 29. Nb3 b6 30. Qe2 a5 31. Nf3 Be7 32. Qd3 Qg8 33. Qa6 a4 34. Na1 b5 35. h3 Ra8 36. Qxb5 Nxe5 37. Qe2 Nc4 38. Ne5 Nxe3 39. Nxd7 Nc4 40. Bd3 Qd8 41. Nc5 Nb6 42. Bc2 Bf6 43. Qd3 Qg8 44. Rb1 Ra7 45. Qc3 Qb8 46. Qa3 Qc8 47. Qd3 Qg8 48. Rf1 Ra8 49. f4 g6 50. Rd1 Nc4 51. Nxa4 Rxa4 52. Bxa4 Nxb2 53. Qa3 Nxd1 54. Bxd1 Bxd4+ 55. Kh1 Qb8 56. Qc1 Bb2 57. Qb1 Be5 58. Qxb8+ Bxb8 59. g3 g5 60. fxg5 hxg5 61. Kg2 Kg7 62. Nb3 e5 63. Nd2 f5 64. Bb3 d4 65. g4 f4 66. Ne4 Kg6 67. Bc2 Kh6 68. Kf3 Kg6 69. Nc5+ Kf7 70. Bf5 Bd6 71. Nd7 Ke7 72. Ke4 d3 73. Kxd3 f3 74. Nb6 e4+ 75. Bxe4 f2 76. Bg2 Ke6 77. Nc4 Be7 78. Nd2 Ke5 79. Ke3 Bc5+ 80. Kf3 Ke6 81. Ne4 1-0

[Event "IECC Swiss email"]
[Site "IECC email"]
[Date "2000.03.26"]
[Round "?"]
[White "Arnold, Lee"]
[Black "Hermans, Marcel M"]
[Result "0-1"]
[WhiteElo "1819"]
[BlackElo "1948"]
[PlyCount "61"]
[EventDate "2000.??.??"]
[EventType "tourn (corr)"]
[EventRounds "6"]
[SourceTitle "Corr 2008"]
[Source "ChessBase"]
[SourceDate "2008.06.24"]
[SourceVersion "1"]
[SourceVersionDate "2008.06.24"]
[SourceQuality "1"]

1. c4 c6 2. e4 d5 3. cxd5 cxd5 4. exd5 Qxd5 5. Nc3 Qd6 6. d4 Nf6 7. Nf3 e6 8. Bd3 Nc6 9. 0-0 Be7 10. Bg5 0-0 11. a3 Rd8 12. Qc2 h6 13. Be3 b6 14. b4 Bb7 15. b5 Na5 16. Ne5 Rac8 17. Qb2 Nd7 18. Bh7+ Kf8 19. Bf4 Nc4 20. Qe2 Ncxe5 21. dxe5 Qd4 22. Ne4 Nxe5 23. Rad1 Qc4 24. Qxc4 Nxc4 25. Nc3 Nxa3 26. Rxd8+ Rxd8 27. Bc1 Nc4 28. Bc2 a5 29. bxa6 Bxa6 30. Rd1 Rxd1+ 31. Nxd1 0-1

[Event "IECC CL3-2000.18"]
[Site "IECC email"]
[Date "2000.03.10"]
[Round "?"]
[White "Arnold, Lee"]
[Black "Kulczycki, Michael"]
[Result "0-1"]
[WhiteElo "1869"]
[BlackElo "1839"]
[PlyCount "55"]
[EventDate "2000.??.??"]
[EventType "tourn (corr)"]
[EventRounds "4"]
[SourceTitle "Corr 2008"]
[Source "ChessBase"]
[SourceDate "2008.06.24"]
[SourceVersion "1"]
[SourceVersionDate "2008.06.24"]
[SourceQuality "1"]

1. e4 e5 2. Nf3 Nf6 3. Nxe5 d6 4. Nf3 Nxe4 5. d4 d5 6. Bd3 Bd6 7. 0-0 0-0 8. c4 c6 9. cxd5 cxd5 10. Nc3 Nxc3 11. bxc3 Re8 12. Qb3 Nc6 13. Bb2 Bg4 14. Qd1 Bh5 15. c4 dxc4 16. Bxc4 Qc7 17. g3 Rad8 18. Bb3 Qa5 19. Qd3 Nb4 20. Qd1 Qa6 21. Bc1 Re2 22. Bg5 Rde8 23. Nd2 Qb5 24. d5 Qd7 25. a3 Qf5 26. Nc4 Bc5 27. Be3 Qh3 28. Qxe2 0-1

[Event "IECC CL3-2000.18"]
[Site "IECC email"]
[Date "2000.03.10"]
[Round "?"]
[White "Arnold, Lee"]
[Black "Newton, Hobart E"]
[Result "1/2-1/2"]
[WhiteElo "1834"]
[BlackElo "1915"]
[PlyCount "61"]
[EventDate "2000.??.??"]
[EventType "tourn (corr)"]
[EventRounds "4"]
[SourceTitle "Corr 2008"]
[Source "ChessBase"]
[SourceDate "2008.06.24"]
[SourceVersion "1"]
[SourceVersionDate "2008.06.24"]
[SourceQuality "1"]

1. d4 d5 2. e3 Nf6 3. Bd3 Nc6 4. Nf3 Bg4 5. 0-0 e5 6. Be2 e4 7. Ne5 Bxe2 8. Qxe2 Qd6 9. Qb5 Rb8 10. b3 a6 11. Qa4 b5 12. Ba3 bxa4 13. Bxd6 cxd6 14. Nxc6 Rc8 15. Na5 Rxc2 16. Na3 Rc3 17. Rac1 Rxc1 18. Rxc1 axb3 19. axb3 Kd7 20. Rc6 Be7 21. Rxa6 Rc8 22. g3 Ng4 23. h3 Nf6 24. Nb5 Ne8 25. Ra7+ Ke6 26. b4 Rc2 27. Kf1 f5 28. Na3 Rc3 29. Nb5 Rc2 30. Nb7 Rb2 31. Na5 1/2-1/2

[Event "IECC Swiss email"]
[Site "IECC email"]
[Date "2000.02.16"]
[Round "?"]
[White "Arnold, Lee"]
[Black "Naeter, Burkhard"]
[Result "0-1"]
[WhiteElo "1834"]
[BlackElo "2090"]
[PlyCount "69"]
[EventDate "2000.??.??"]
[EventType "tourn (corr)"]
[EventRounds "6"]
[SourceTitle "Corr 2008"]
[Source "ChessBase"]
[SourceDate "2008.06.24"]
[SourceVersion "1"]
[SourceVersionDate "2008.06.24"]
[SourceQuality "1"]

1. e4 e5 2. Nf3 Nc6 3. Bc4 Nf6 4. Nc3 Nxe4 5. 0-0 Nxc3 6. dxc3 Qe7 7. Ng5 Nd8 8. Be3 c6 9. Be2 d5 10. Nf3 Qc7 11. c4 d4 12. Bd2 c5 13. c3 e4 14. Ng5 f5 15. cxd4 cxd4 16. Qa4+ Nc6 17. Qb3 g6 18. Rae1 Bd6 19. Kh1 h6 20. Nh3 Be6 21. g3 Qb6 22. Qxb6 axb6 23. a3 g5 24. Bh5+ Kd7 25. Rc1 Ne5 26. Be2 d3 27. Bh5 Nxc4 28. Bc3 Rhd8 29. Bf6 Be7 30. Bg7 f4 31. Ng1 fxg3 32. hxg3 Rg8 33. Bc3 g4 34. b3 Nxa3 35. Bd2 0-1

[Event "IECC Swiss email"]
[Site "IECC email"]
[Date "2000.02.12"]
[Round "?"]
[White "Arnold, Lee"]
[Black "Needham, John S"]
[Result "1-0"]
[WhiteElo "1861"]
[BlackElo "1526"]
[PlyCount "67"]
[EventDate "2000.??.??"]
[EventType "tourn (corr)"]
[EventRounds "6"]
[SourceTitle "Corr 2008"]
[Source "ChessBase"]
[SourceDate "2008.06.24"]
[SourceVersion "1"]
[SourceVersionDate "2008.06.24"]
[SourceQuality "1"]

1. e4 c5 2. g3 Nc6 3. Bg2 g6 4. f4 Bg7 5. Nf3 d6 6. 0-0 e6 7. d3 Nge7 8. c3 0-0 9. Be3 b6 10. Bf2 Ba6 11. Ng5 h6 12. Nh3 d5 13. e5 f6 14. exf6 Bxf6 15. Qd2 e5 16. fxe5 Nxe5 17. Nf4 Bg5 18. Be3 Qd6 19. Qe2 Rad8 20. Na3 d4 21. cxd4 cxd4 22. Bd2 N7c6 23. Rac1 Rde8 24. Qd1 Nd8 25. Qb3+ Rf7 26. Qa4 b5 27. Nxb5 Bxb5 28. Qxb5 Qd7 29. Qxd7 Rxd7 30. Rce1 Kg7 31. h4 Bf6 32. Nd5 Rd6 33. Nc7 Rh8 34. Rxf6 1-0

[Event "IECC KO email"]
[Site "IECC email"]
[Date "1999.11.29"]
[Round "?"]
[White "Ventimiglia, Charles"]
[Black "Arnold, Lee"]
[Result "1/2-1/2"]
[WhiteElo "1956"]
[BlackElo "1588"]
[PlyCount "80"]
[EventDate "1999.??.??"]
[EventType "tourn (corr)"]
[EventRounds "6"]
[SourceTitle "Corr 2008"]
[Source "ChessBase"]
[SourceDate "2008.06.24"]
[SourceVersion "1"]
[SourceVersionDate "2008.06.24"]
[SourceQuality "1"]

1. e4 e5 2. Nf3 Nc6 3. Bb5 a6 4. Ba4 d6 5. d4 b5 6. Bb3 Nxd4 7. Nxd4 exd4 8. Bd5 Rb8 9. Qxd4 Bd7 10. a4 Nf6 11. axb5 axb5 12. 0-0 Be7 13. Re1 0-0 14. Nc3 b4 15. Ne2 c5 16. Qd3 Nxd5 17. exd5 Bf6 18. Ng3 Be5 19. Ne4 Qh4 20. h3 Rfe8 21. Bg5 Qh5 22. Ra7 Bb5 23. Qd1 Qxd1 24. Rxd1 Ra8 25. Rxa8 Rxa8 26. c3 Bd3 27. f4 Bxe4 28. fxe5 bxc3 29. bxc3 dxe5 30. Be7 f6 31. Bxc5 Bf5 32. g4 Bd7 33. Kf2 h5 34. gxh5 Bxh3 35. Kg3 Bd7 36. Rd2 Ra1 37. Kg2 Kh7 38. Bb4 Rc1 39. Kf3 Rf1+ 40. Kg3 Kh6 1/2-1/2